| 000 | 00574nam a2200169 i 4500 | ||
|---|---|---|---|
| 001 | 48856 | ||
| 003 | ES-MaACL | ||
| 005 | 20230906161832.0 | ||
| 007 | t| | ||
| 008 | 030701s1931 sp ||||1| spa d | ||
| 100 | 1 |
_aCordero Bel, José J. _940519 |
|
| 245 | 1 | 3 |
_aEl abastecimiento de aguas de Huelva bajo el punto de vista higiénico _b: filtración y depuración de aguas potables / _cJosé J. Cordero Bel. |
| 260 |
_aHuelva : _bDiario de Huelva, _c1931. |
||
| 300 |
_a13 h. ; _c21 cm. |
||
| 650 | 4 |
_aAgua- _xAbastecimiento- _zHuelva. _9156361 |
|
| 852 |
_aES-MaACL _j1762-F-16 |
||
| 999 |
_c48856 _d48856 |
||